| 000 | 00391nam a22001457a 4500 | ||
|---|---|---|---|
| 999 |
_c28743 _d28743 |
||
| 003 | SCME | ||
| 005 | 20180124183322.0 | ||
| 008 | 161005t xxu||||| |||| 00| 0 eng d | ||
| 040 | _cSCME | ||
| 082 | _a620.110 U86M | ||
| 100 |
_aAdil Usman _91556 |
||
| 245 | _aModified Graphene Oxide Nanocomposites for Biomedical Applications with CD (MS-MAT-2016) | ||
| 260 |
_aSCME _c2016. |
||
| 300 |
_a79p. _c29cm. |
||
| 942 |
_2ddc _cTHE |
||